[Event "Barbera op"]
[Site "?"]
[Date "2011.07.10"]
[Round "7"]
[White "Perez Mitjans, O."]
[Black "Codenotti, M."]
[Result "1-0"]
[WhiteElo "2452"]
[BlackElo "2323"]
[PlyCount "125"]
[EventDate "2011.??.??"]
[EventType "swiss"]
[Source "Chessbase"]
[SourceDate "2011.07.29"]

1. e4 c5 2. Nf3 g6 3. d4 cxd4 4. Nxd4 Nc6 5. c4 Nf6 6. Nc3 d6 7. Nc2 Bg7 8. Be2
Nd7 9. Nd5 Nc5 10. f3 O-O 11. O-O f5 12. exf5 Bxf5 13. Nce3 e6 14. Nxf5 Rxf5
15. Ne3 Rf7 16. Rb1 a5 17. Kh1 b6 18. b3 Nd4 19. Bb2 Nf5 20. Nxf5 Rxf5 21. Bxg7
Kxg7 22. a3 e5 23. b4 Ne6 24. Bd3 Rf6 25. Be4 Ra7 26. Qd5 Nc7 27. Qd2 Ne6 28.
Bd5 Nf4 29. Be4 Ne6 30. Qd5 Nc7 31. Qd1 Ne6 32. Rf2 Nd4 33. bxa5 Rxa5 34. Rfb2
d5 35. Bxd5 Rxa3 36. Qe1 Qc7 37. Ra1 Rxa1 38. Qxa1 Nc6 39. Re2 Rf5 40. g4 Rf6
41. Qa8 Ne7 42. Ra2 Rf8 43. Qa7 Rc8 44. Be6 Qxa7 45. Rxa7 Re8 46. g5 h6 47. h4
hxg5 48. hxg5 Rh8+ 49. Kg2 Kf8 50. Kg3 Rh5 51. Ra8+ Kg7 52. f4 exf4+ 53. Kxf4
Rh1 54. Ra7 Kf8 55. Rb7 Rf1+ 56. Ke5 Re1+ 57. Kd6 Rd1+ 58. Kc7 Rg1 59. Kd6 Rd1+
60. Bd5 Nf5+ 61. Ke6 Ng7+ 62. Kf6 Ne8+ 63. Kxg6 1-0

[Event "Barbera op"]
[Site "?"]
[Date "2011.07.10"]
[Round "7"]
[White "Phadke, S."]
[Black "Navarrete Espi, S."]
[Result "1-0"]
[WhiteElo "2252"]
[BlackElo "2169"]
[PlyCount "103"]
[EventDate "2011.??.??"]
[EventType "swiss"]
[Source "Chessbase"]
[SourceDate "2011.07.29"]

1. e4 e5 2. Nf3 Nc6 3. Bc4 Bc5 4. b4 Bb6 5. a4 a6 6. Nc3 d6 7. Nd5 Ba7 8. d3 h6
9. O-O Nf6 10. b5 Nd4 11. Nxd4 Nxd5 12. Nf5 Nc3 13. Nxg7+ Kf8 14. Qf3 d5 15.
Nh5 dxc4 16. Ra3 Bd4 17. Rxc3 Bxc3 18. Ba3+ Kg8 19. Nf6+ Kg7 20. Nd5 Re8 21.
Nxc3 Be6 22. Bc1 Qf6 23. Qe3 Rad8 24. Ne2 cxd3 25. cxd3 Kh7 26. f4 Bb3 27. fxe5
Qg7 28. Nd4 Rxd4 29. Qxd4 Qxe5 30. Qxe5 Rxe5 31. Rf6 axb5 32. axb5 Rxb5 33.
Rxh6+ Kg7 34. Rh4 Bc2 35. Bf4 Rc5 36. Kf2 b5 37. Be3 Rc6 38. Bd4+ Kf8 39. Ke3
b4 40. Rh8+ Ke7 41. Rb8 b3 42. h4 Rg6 43. Be5 Rg4 44. g3 Kd7 45. Rb7 f6 46. Bf4
Kc6 47. Rxc7+ Kb6 48. Rc4 Ka5 49. Kd2 Rg7 50. Rc7 Rg8 51. Re7 Rd8 52. Bc7+ 1-0

[Event "Barbera op"]
[Site "?"]
[Date "2011.07.10"]
[Round "7"]
[White "Sanchez Dengra, JM."]
[Black "Ljubarov, M."]
[Result "1-0"]
[WhiteElo "1986"]
[BlackElo "2115"]
[PlyCount "101"]
[EventDate "2011.??.??"]
[EventType "swiss"]
[Source "Chessbase"]
[SourceDate "2011.07.29"]

1. e4 e5 2. Nf3 Nc6 3. Bb5 a6 4. Ba4 Nf6 5. O-O Nxe4 6. d4 b5 7. Bb3 d5 8. dxe5
Be6 9. Nbd2 Nc5 10. c3 Nxb3 11. Nxb3 Be7 12. Nfd4 Nxd4 13. cxd4 a5 14. Be3 a4
15. Nc5 Bxc5 16. dxc5 O-O 17. Qd4 Qd7 18. a3 Rae8 19. Rac1 c6 20. Bg5 Bf5 21.
Rc3 Qe6 22. Rg3 Kh8 23. Re3 Be4 24. f3 Bc2 25. Rfe1 Qf5 26. Bh4 Re6 27. Bg3
Rfe8 28. Kf2 Bb3 29. Qd3 Qxd3 30. Rxd3 Bc4 31. Rd4 g6 32. f4 f5 33. Re3 Rb8 34.
Kf3 b4 35. Bf2 bxa3 36. Rxa3 Bb3 37. Ra1 Kg8 38. Rc1 Bc4 39. Rd2 Rb3+ 40. Be3
Re8 41. Kf2 g5 42. g3 Bd3 43. Ra1 Bb5 44. Bd4 gxf4 45. gxf4 Kf7 46. Ra3 Rb4 47.
Rh3 Kg6 48. Rg3+ Kh5 49. Rg5+ Kh4 50. Kg2 Rb3 51. Bf2+ 1-0

[Event "Barbera op"]
[Site "?"]
[Date "2011.07.10"]
[Round "7"]
[White "Subirats Ruiz, S."]
[Black "Guix Torres, D."]
[Result "0-1"]
[WhiteElo "2179"]
[BlackElo "2019"]
[PlyCount "90"]
[EventDate "2011.??.??"]
[EventType "swiss"]
[Source "Chessbase"]
[SourceDate "2011.07.29"]

1. e4 e5 2. Nf3 Nc6 3. Bc4 Nf6 4. d3 Bc5 5. c3 d6 6. b4 Bb6 7. a4 a6 8. Nbd2
O-O 9. O-O Bg4 10. Re1 Nh5 11. g3 Kh8 12. Kg2 f5 13. h3 Bxf3+ 14. Qxf3 fxe4 15.
Qxh5 Rxf2+ 16. Kh1 d5 17. Nxe4 dxe4 18. Be3 g6 19. Qg4 Bxe3 20. Rxe3 exd3 21.
Rxd3 Qf6 22. Rd7 Rf8 23. Rad1 e4 24. Qxe4 Ne5 25. Rd8 Rxd8 26. Rxd8+ Qxd8 27.
Qxe5+ Qf6 28. Qe8+ Kg7 29. Kg1 Rd2 30. Qe3 Qb6 31. Qxb6 cxb6 32. a5 bxa5 33.
bxa5 Kf6 34. Bf1 Ke5 35. Bg2 Rxg2+ 36. Kxg2 Ke4 37. h4 Kd3 38. h5 gxh5 39. Kh3
Kxc3 40. Kh4 Kb4 41. Kxh5 Kxa5 42. g4 b5 43. Kh6 b4 44. g5 b3 45. g6 hxg6 0-1

[Event "Barbera op"]
[Site "?"]
[Date "2011.07.10"]
[Round "7"]
[White "Thompson, ID."]
[Black "Dalo, H."]
[Result "1-0"]
[WhiteElo "2274"]
[BlackElo "2049"]
[PlyCount "101"]
[EventDate "2011.??.??"]
[EventType "swiss"]
[Source "Chessbase"]
[SourceDate "2011.07.29"]

1. c4 Nf6 2. Nc3 g6 3. g3 Bg7 4. Bg2 d6 5. e4 e5 6. Nge2 O-O 7. O-O Nbd7 8. d3
a5 9. h3 c6 10. Be3 Re8 11. a3 Nf8 12. b4 Be6 13. f4 exf4 14. gxf4 Nh5 15. b5
cxb5 16. cxb5 Qd7 17. Kh2 f5 18. Rb1 fxe4 19. dxe4 Kh8 20. Bd4 Nf6 21. Na4 Qe7
22. Nb6 Rad8 23. Nc3 N8d7 24. Nxd7 Qxd7 25. Rf2 Rc8 26. Rd2 Nh5 27. Bxg7+ Qxg7
28. Ne2 Bc4 29. Rxd6 Bxe2 30. Qxe2 Nxf4 31. Qb2 Qxb2 32. Rxb2 Nxg2 33. Kxg2
Rxe4 34. Rd7 Re3 35. Rxb7 Rcc3 36. Rd2 Rg3+ 37. Kf2 Rcf3+ 38. Ke2 Rf8 39. Rd3
Rg2+ 40. Ke3 Rgf2 41. b6 R2f6 42. h4 Rf3+ 43. Kd2 Rf2+ 44. Kc3 R2f6 45. Kc4
Rc8+ 46. Kb5 Rf5+ 47. Ka6 Ra8+ 48. Ra7 Rb8 49. Rdd7 Rh5 50. b7 Rxh4 51. Ra8 1-0

[Event "Barbera op"]
[Site "?"]
[Date "2011.07.10"]
[Round "7"]
[White "Van Riemsdijk, HC."]
[Black "Brynell, S."]
[Result "1-0"]
[WhiteElo "2403"]
[BlackElo "2495"]
[PlyCount "81"]
[EventDate "2011.??.??"]
[EventType "swiss"]
[Source "Chessbase"]
[SourceDate "2011.07.29"]

1. e4 e6 2. d4 d5 3. Nc3 Nf6 4. Bg5 Bb4 5. e5 h6 6. Be3 Ne4 7. Qg4 g6 8. Bd3
Nxc3 9. a3 Na2+ 10. Kf1 Be7 11. Rxa2 b6 12. h4 Ba6 13. Bxa6 Nxa6 14. h5 g5 15.
Ne2 Qd7 16. g3 O-O-O 17. Kg2 Rhf8 18. c3 f5 19. exf6 Rxf6 20. a4 Bd6 21. b4 Nb8
22. b5 c6 23. Rc1 Kb7 24. c4 e5 25. Qxd7+ Rxd7 26. c5 bxc5 27. dxe5 Bxe5 28.
Rxc5 Bc7 29. Rb2 Kc8 30. Rc1 cxb5 31. Rxb5 Ra6 32. Rcc5 Rxa4 33. Nc3 Rc4 34.
Nxd5 Rxc5 35. Rxc5 Na6 36. Rc6 Rxd5 37. Rxa6 Bb6 38. Bxb6 Rd6 39. Rxa7 Rxb6 40.
Rg7 Kd8 41. Rg6 1-0

[Event "Barbera op"]
[Site "?"]
[Date "2011.07.10"]
[Round "7"]
[White "Vehi Bach, VM."]
[Black "Arizmendi Martinez, JL."]
[Result "1/2-1/2"]
[WhiteElo "2403"]
[BlackElo "2555"]
[PlyCount "69"]
[EventDate "2011.??.??"]
[EventType "swiss"]
[Source "Chessbase"]
[SourceDate "2011.07.29"]

1. e4 e6 2. d4 d5 3. Nc3 Bb4 4. e5 c5 5. a3 Bxc3+ 6. bxc3 Qa5 7. Bd2 Qa4 8. Qb1
c4 9. Ne2 Nc6 10. g3 Bd7 11. Bh3 O-O-O 12. Nf4 h5 13. Qd1 h4 14. g4 f6 15. Ng6
Rh7 16. O-O Nge7 17. Nxe7+ Nxe7 18. Qb1 Nc6 19. f4 Rhh8 20. Qb2 Rdf8 21. Rab1
b6 22. Rbe1 Qa5 23. Re2 fxe5 24. fxe5 Rxf1+ 25. Kxf1 Rf8+ 26. Kg1 Ne7 27. Rf2
Rxf2 28. Kxf2 Qa4 29. Bg5 Ng6 30. Ke2 Kc7 31. Kd2 a5 32. Qc1 Be8 33. Qb2 Bd7
34. Qc1 Be8 35. Qb2 1/2-1/2

[Event "Barbera op"]
[Site "?"]
[Date "2011.07.11"]
[Round "8"]
[White "Anuprita, P."]
[Black "Alberto, M."]
[Result "1-0"]
[WhiteElo "2048"]
[BlackElo "2218"]
[PlyCount "99"]
[EventDate "2011.??.??"]
[EventType "swiss"]
[Source "Chessbase"]
[SourceDate "2011.07.29"]

1. d4 Nf6 2. c4 c5 3. d5 b5 4. cxb5 a6 5. bxa6 Bxa6 6. Nc3 g6 7. g3 Bg7 8. Bg2
d6 9. Nf3 O-O 10. O-O Nbd7 11. Rb1 Qa5 12. Bd2 Rfb8 13. h3 Ne8 14. Qc2 c4 15.
Rfd1 Rc8 16. Be1 Bb7 17. Nd4 Ra6 18. Nc6 Bxc6 19. dxc6 Nb8 20. Nd5 Qd8 21. Nb4
Rb6 22. Qxc4 e6 23. a4 d5 24. a5 Nd6 25. Qd3 Rb5 26. Rdc1 Qe7 27. a6 Nc4 28.
Rxc4 dxc4 29. Qxc4 Ra5 30. Bd2 Bf8 31. Bc3 Qa7 32. Rc1 Nxa6 33. Nxa6 Rxa6 34.
Bd4 Rb6 35. b4 Bd6 36. b5 Qa5 37. Bxb6 Qxb6 38. e3 Bc7 39. Rd1 Ra8 40. Kh2 h5
41. h4 Ra5 42. Bf1 Ra3 43. Qd4 Qa5 44. Qf6 Qc3 45. Qxc3 Rxc3 46. Rd7 Ba5 47.
Ra7 Bb6 48. Rb7 Ba5 49. Bg2 Rb3 50. b6 1-0

[Event "Barbera op"]
[Site "?"]
[Date "2011.07.11"]
[Round "8"]
[White "Arizmendi Martinez, JL."]
[Black "Fenollar Jorda, M."]
[Result "1-0"]
[WhiteElo "2555"]
[BlackElo "2358"]
[PlyCount "63"]
[EventDate "2011.??.??"]
[EventType "swiss"]
[Source "Chessbase"]
[SourceDate "2011.07.29"]

1. d4 d5 2. c4 c6 3. Nf3 Nf6 4. e3 a6 5. Bd3 Bg4 6. Nbd2 e6 7. Qc2 Nbd7 8. b3
Bd6 9. Bb2 Qb8 10. O-O O-O 11. h3 Bxf3 12. Nxf3 h6 13. Rad1 e5 14. cxd5 Nxd5
15. Bf5 N5f6 16. Bxd7 Nxd7 17. Qf5 e4 18. Qxe4 Re8 19. Qd3 Nf6 20. Rfe1 Ne4 21.
Ne5 Bxe5 22. dxe5 Nc5 23. Qc2 Ne6 24. f4 Qc7 25. Rd6 Rad8 26. Qc3 Qe7 27. Red1
Rxd6 28. exd6 Qf8 29. d7 Rd8 30. f5 Nc5 31. Ba3 Ne4 32. Bxf8 1-0

[Event "Barbera op"]
[Site "?"]
[Date "2011.07.11"]
[Round "8"]
[White "Asis Gargatagli, H."]
[Black "Bystrov, SM."]
[Result "1-0"]
[WhiteElo "2431"]
[BlackElo "2300"]
[PlyCount "59"]
[EventDate "2011.??.??"]
[EventType "swiss"]
[Source "Chessbase"]
[SourceDate "2011.07.29"]

1. e4 c5 2. Nf3 Nf6 3. e5 Nd5 4. c3 Nc6 5. Bc4 Nb6 6. Bb3 d5 7. exd6 Qxd6 8.
Na3 a6 9. O-O e6 10. Qe2 Be7 11. Rd1 Bf6 12. d4 cxd4 13. Be3 O-O 14. Nxd4 Nxd4
15. Bxd4 Bxd4 16. Rxd4 Qc7 17. Rad1 Bd7 18. Nc4 Bb5 19. Qe5 Qxe5 20. Nxe5 Rfc8
21. Rf4 Rc5 22. Nxf7 Bc4 23. h4 h6 24. Rd8+ Rxd8 25. Nxd8 Bxb3 26. axb3 Nd5 27.
Rf8+ Kh7 28. Rf7 Rc7 29. Rxc7 Nxc7 30. Nxb7 1-0

[Event "Barbera op"]
[Site "?"]
[Date "2011.07.11"]
[Round "8"]
[White "Canal Oliveras, J."]
[Black "Matnadze, A."]
[Result "0-1"]
[WhiteElo "2247"]
[BlackElo "2428"]
[PlyCount "60"]
[EventDate "2011.??.??"]
[EventType "swiss"]
[Source "Chessbase"]
[SourceDate "2011.07.29"]

1. d4 Nf6 2. Nf3 e6 3. e3 b6 4. Bd3 Bb7 5. Nbd2 c5 6. O-O Be7 7. b3 cxd4 8.
exd4 Qc7 9. c4 O-O 10. Bb2 d6 11. Rc1 Nbd7 12. Re1 Rfe8 13. Bb1 Bf8 14. Rc3 g6
15. Ng5 Bg7 16. Rh3 e5 17. d5 b5 18. Qf3 Nf8 19. Bc1 Bc8 20. Rh4 h6 21. Nde4
Nxe4 22. Nxe4 f5 23. Nc3 Qd8 24. Nxb5 Qxh4 25. Nc7 Bd7 26. Ba3 e4 27. Qg3 Qxg3
28. hxg3 Be5 29. b4 Rac8 30. Nxe8 Rxc4 0-1

[Event "Barbera op"]
[Site "?"]
[Date "2011.07.11"]
[Round "8"]
[White "Capellades Subirana, M."]
[Black "Huerga Leache, M."]
[Result "1/2-1/2"]
[WhiteElo "2260"]
[BlackElo "2453"]
[PlyCount "101"]
[EventDate "2011.??.??"]
[EventType "swiss"]
[Source "Chessbase"]
[SourceDate "2011.07.29"]

1. e4 c5 2. Nf3 Nc6 3. d4 cxd4 4. Nxd4 Nf6 5. Nc3 e5 6. Ndb5 d6 7. Bg5 a6 8.
Na3 b5 9. Nd5 Be7 10. Bxf6 Bxf6 11. c3 O-O 12. Nc2 Bg5 13. Nce3 Ne7 14. Bd3 Be6
15. O-O Bxd5 16. Nxd5 Nxd5 17. exd5 f5 18. a4 e4 19. f4 Qb6+ 20. Kh1 Bh4 21. a5
Qe3 22. Bc2 Rac8 23. Ra3 Bf6 24. g4 fxg4 25. Qxg4 Rce8 26. Qg2 Qc5 27. Bxe4 Qc4
28. Bf5 Re3 29. Raa1 Kh8 30. Rf3 Rxf3 31. Qxf3 Bh4 32. Bd3 Rxf4 33. Bxc4 Rxf3
34. Rf1 Rxf1+ 35. Bxf1 Bf2 36. Bh3 b4 37. cxb4 Be1 38. b5 axb5 39. a6 Bf2 40.
Kg2 Ba7 41. b4 g5 42. Kf3 Kg7 43. Bf1 Kf6 44. Ke4 g4 45. Kf4 h5 46. Bxb5 Bg1
47. Ke4 Ke7 48. Kf5 Kd8 49. Kg5 Kc7 50. Kxh5 Bxh2 51. Kxg4 1/2-1/2

[Event "Barbera op"]
[Site "?"]
[Date "2011.07.11"]
[Round "8"]
[White "Carstensen, J."]
[Black "Perez Mitjans, O."]
[Result "1-0"]
[WhiteElo "2391"]
[BlackElo "2452"]
[PlyCount "72"]
[EventDate "2011.??.??"]
[EventType "swiss"]
[Source "Chessbase"]
[SourceDate "2011.07.29"]

1. d4 Nf6 2. c4 c5 3. d5 b5 4. cxb5 a6 5. bxa6 g6 6. Nc3 Bxa6 7. g3 d6 8. Bg2
Bg7 9. Nf3 O-O 10. O-O Nbd7 11. Rb1 Qa5 12. Bd2 Nb6 13. b3 Bb7 14. a4 Qa7 15.
e4 Ba6 16. Re1 Bd3 17. Rc1 c4 18. Nb5 Qb7 19. Nfd4 cxb3 20. Qxb3 Bxb5 21. axb5
Nfd7 22. Nc6 Nc5 23. Qe3 Nba4 24. e5 Kh8 25. Rb1 Nb6 26. Bc3 Ra3 27. Qc1 Rfa8
28. Na5 R3xa5 29. Bxa5 Nba4 30. exd6 exd6 31. Qe3 h5 32. Bd2 Kg8 33. Qf3 Nb2
34. Bf1 Qd7 35. Bb4 Nca4 36. Qb3 Qf5 1-0

[Event "Barbera op"]
[Site "?"]
[Date "2011.07.11"]
[Round "8"]
[White "Castro Exposito, C."]
[Black "Jareño Badenas, A."]
[Result "1-0"]
[WhiteElo "2084"]
[BlackElo "2026"]
[PlyCount "53"]
[EventDate "2011.??.??"]
[EventType "swiss"]
[Source "Chessbase"]
[SourceDate "2011.07.29"]

1. d4 d5 2. Bf4 Nf6 3. e3 e6 4. Nf3 c5 5. Nbd2 Bd6 6. Ne5 cxd4 7. exd4 Nc6 8.
Bb5 Qc7 9. c4 O-O 10. Bxc6 bxc6 11. c5 Bxe5 12. Bxe5 Qd8 13. O-O Ba6 14. Re1
Nd7 15. Bd6 Re8 16. b4 Qf6 17. Nf3 Qf5 18. a4 Bc4 19. Nd2 Ba6 20. Qb3 f6 21. b5
Bb7 22. Qc3 e5 23. Nb3 Rac8 24. Na5 Ba8 25. Nxc6 Bxc6 26. bxc6 Rxc6 27. Qb3 1-0

[Event "Barbera op"]
[Site "?"]
[Date "2011.07.11"]
[Round "8"]
[White "Codenotti, M."]
[Black "Do Santos Julio, JM."]
[Result "1-0"]
[WhiteElo "2323"]
[BlackElo "2104"]
[PlyCount "92"]
[EventDate "2011.??.??"]
[EventType "swiss"]
[Source "Chessbase"]
[SourceDate "2011.07.29"]

1. e4 c5 2. Nf3 e6 3. d4 cxd4 4. Nxd4 Nf6 5. Nc3 a6 6. e5 Ng8 7. Be3 Ne7 8. Qd2
Nbc6 9. f4 d6 10. exd6 Qxd6 11. Ne4 Qd5 12. Bd3 Nxd4 13. Bxd4 Nf5 14. Bc3 b5
15. O-O-O Be7 16. Kb1 Bb7 17. Rhe1 O-O 18. g4 Nh4 19. Qf2 Ng6 20. g5 Rad8 21.
h4 b4 22. Bd2 Qa5 23. h5 Bxe4 24. Rxe4 Bc5 25. Qe2 Ne7 26. Re5 Qb6 27. Qe4 Nf5
28. g6 Bd4 29. gxf7+ Rxf7 30. Rxe6 Qc5 31. Re1 Rf6 32. Rxf6 gxf6 33. Qxf5 Qxf5
34. Bxf5 a5 35. c3 Bc5 36. Kc2 Kg7 37. Be3 Bd6 38. Rd1 bxc3 39. bxc3 Bc7 40.
Rxd8 Bxd8 41. Kd3 Kh6 42. c4 Kxh5 43. Bxh7 Kg4 44. Ke4 Bc7 45. a4 Kh5 46. Bf5
Kh6 1-0

[Event "Barbera op"]
[Site "?"]
[Date "2011.07.11"]
[Round "8"]
[White "Delgado Ramos, H."]
[Black "Van Riemsdijk, HC."]
[Result "1-0"]
[WhiteElo "2488"]
[BlackElo "2403"]
[PlyCount "69"]
[EventDate "2011.??.??"]
[EventType "swiss"]
[Source "Chessbase"]
[SourceDate "2011.07.29"]

1. e4 e5 2. Nf3 Nc6 3. Bb5 a6 4. Ba4 Nf6 5. O-O Be7 6. Re1 b5 7. Bb3 d6 8. c3
O-O 9. h3 Na5 10. Bc2 c5 11. d4 Qc7 12. Nbd2 cxd4 13. cxd4 Bd7 14. Nf1 Rac8 15.
Ne3 Nc6 16. d5 Nb4 17. Bb1 a5 18. a3 Na6 19. b4 g6 20. Bd2 Nh5 21. Bd3 Nf4 22.
Bf1 Qa7 23. Nc2 Bd8 24. Bxf4 exf4 25. Ncd4 Bf6 26. Qd2 Rfe8 27. Rad1 axb4 28.
axb4 Bg7 29. Nxb5 Bxb5 30. Bxb5 Bc3 31. Qa2 Bxe1 32. Rxe1 Re7 33. Qxa6 Rb8 34.
Qxa7 Rxa7 35. Nd4 1-0

[Event "Barbera op"]
[Site "?"]
[Date "2011.07.11"]
[Round "8"]
[White "Garcia Roman, D."]
[Black "Cuartas Medina, JA."]
[Result "0-1"]
[WhiteElo "2427"]
[BlackElo "2542"]
[PlyCount "92"]
[EventDate "2011.??.??"]
[EventType "swiss"]
[Source "Chessbase"]
[SourceDate "2011.07.29"]

1. d4 Nf6 2. c4 c5 3. d5 b5 4. cxb5 a6 5. bxa6 Bxa6 6. Nc3 d6 7. e4 Bxf1 8.
Kxf1 g6 9. g3 Bg7 10. Kg2 O-O 11. Nf3 Nbd7 12. h3 Qb6 13. Re1 Rfb8 14. e5 dxe5
15. Nxe5 Nxe5 16. Rxe5 Qb7 17. Qf3 Rd8 18. Re2 Nxd5 19. Nxd5 Qxd5 20. Rxe7
Qxf3+ 21. Kxf3 Rd1 22. Ke2 Rh1 23. Re4 Bd4 24. Kf3 Rg1 25. Re2 h5 26. h4 Ra6
27. a4 Rf6+ 28. Ke4 Bxf2 29. a5 Rd1 30. Rd2 Re1+ 31. Kd3 Bxg3 32. a6 Rxa6 33.
Rxa6 Rxc1 34. Rc6 Bxh4 35. b4 Be1 36. Rb2 Bc3 37. Rf2 cxb4 38. Rc7 f6 39. Ra2
Ra1 40. Re2 Be5 41. Rb7 h4 42. Rg2 g5 43. Ke4 b3 44. Rd2 Ra4+ 45. Kf5 Rd4 46.
Kg6 Rxd2 0-1

[Event "Barbera op"]
[Site "?"]
[Date "2011.07.11"]
[Round "8"]
[White "Hernandez Carmenates, H."]
[Black "Vehi Bach, VM."]
[Result "1-0"]
[WhiteElo "2570"]
[BlackElo "2403"]
[PlyCount "45"]
[EventDate "2011.??.??"]
[EventType "swiss"]
[Source "Chessbase"]
[SourceDate "2011.07.29"]

1. d4 Nf6 2. c4 e6 3. g3 d5 4. Bg2 a6 5. Nf3 dxc4 6. O-O Nc6 7. Bg5 Rb8 8. e3
Bd7 9. Nbd2 b5 10. b3 cxb3 11. Nxb3 Ba3 12. Ne5 Nxe5 13. dxe5 h6 14. Bh4 g5 15.
exf6 gxh4 16. Qd4 Bd6 17. f4 Bc8 18. Rad1 Bb7 19. Bxb7 Rxb7 20. e4 Qc8 21. e5
Ba3 22. Nc5 Rb6 23. Rd3 1-0

[Event "Barbera op"]
[Site "?"]
[Date "2011.07.11"]
[Round "8"]
[White "Ibarra Jerez, JC."]
[Black "Cruz Lledo, P."]
[Result "0-1"]
[WhiteElo "2530"]
[BlackElo "2269"]
[PlyCount "56"]
[EventDate "2011.??.??"]
[EventType "swiss"]
[Source "Chessbase"]
[SourceDate "2011.07.29"]

1. e4 c6 2. Nc3 d5 3. Nf3 Bg4 4. h3 Bxf3 5. Qxf3 e6 6. g3 Nd7 7. Bg2 dxe4 8.
Qxe4 Ngf6 9. Qe2 Be7 10. O-O O-O 11. d3 Re8 12. Bd2 Qc7 13. Rab1 a5 14. a3 h6
15. Rfe1 a4 16. Na2 Rad8 17. Rbd1 Bf8 18. c4 e5 19. Nc3 Nc5 20. Be3 Nfd7 21.
Qc2 Qa5 22. f4 exf4 23. gxf4 Nb3 24. Qf2 Rxe3 25. Qxe3 Bc5 26. d4 Nxd4 27. Rxd4
Nf8 28. Bd5 Ne6 0-1

[Event "Barbera op"]
[Site "?"]
[Date "2011.07.11"]
[Round "8"]
[White "Ljubarov, M."]
[Black "Amores Gago, J."]
[Result "1-0"]
[WhiteElo "2115"]
[BlackElo "2041"]
[PlyCount "78"]
[EventDate "2011.??.??"]
[EventType "swiss"]
[Source "Chessbase"]
[SourceDate "2011.07.29"]

1. e4 d6 2. d4 Nf6 3. f3 Nbd7 4. Be3 e5 5. d5 c6 6. c4 a6 7. Nc3 cxd5 8. Nxd5
Nxd5 9. Qxd5 Nb6 10. Qa5 Nd7 11. Qxd8+ Kxd8 12. Ne2 b6 13. Nc3 Bb7 14. Be2 g6
15. O-O f5 16. Rfd1 f4 17. Bf2 Bc6 18. b4 Rb8 19. a4 Be7 20. Nd5 Bxd5 21. cxd5
a5 22. bxa5 bxa5 23. Bb5 Ke8 24. Rdc1 Bd8 25. Rc6 Ke7 26. Bh4+ Kf7 27. Bxd8
Rhxd8 28. Rc7 Ke7 29. Rac1 h5 30. Ra7 Ra8 31. Rxa8 Rxa8 32. Rc7 Rd8 33. Kf2 g5
34. Ke2 g4 35. Kd3 Ke8 36. Kc4 h4 37. h3 Ke7 38. Rxd7+ Rxd7 39. Bxd7 Kxd7 1-0

[Event "Barbera op"]
[Site "?"]
[Date "2011.07.11"]
[Round "8"]
[White "Mascaro March, P."]
[Black "Aranaz Murillo, A."]
[Result "1/2-1/2"]
[WhiteElo "2413"]
[BlackElo "2176"]
[PlyCount "92"]
[EventDate "2011.??.??"]
[EventType "swiss"]
[Source "Chessbase"]
[SourceDate "2011.07.29"]

1. d4 Nf6 2. c4 c5 3. d5 b5 4. Nd2 bxc4 5. e4 d6 6. Bxc4 g6 7. b3 Bg7 8. Bb2
Ba6 9. Ngf3 O-O 10. O-O Bxc4 11. bxc4 Nbd7 12. h3 Rb8 13. Bc3 Nb6 14. Qc2 Qc8
15. e5 Ne8 16. Rfe1 Qa6 17. Rab1 Rd8 18. Rb3 Nc7 19. exd6 exd6 20. Bxg7 Kxg7
21. Re7 Ne8 22. Qc3+ Kg8 23. Ra3 Qc8 24. Raxa7 Rd7 25. Qe3 Nf6 26. Raxd7 Nbxd7
27. Qf4 Qb8 28. Ng5 Nh5 29. Qh4 Qb2 30. Ndf3 Ndf6 31. g4 Nf4 32. Qg3 Ne2+ 33.
Rxe2 Qxe2 34. Qxd6 Ne4 35. Nxe4 Qxe4 36. Ne5 Re8 37. Nd7 Qe1+ 38. Kg2 Qe4+ 39.
Kg3 Qd3+ 40. f3 Rc8 41. Nf6+ Kg7 42. Qe5 Qd4 43. f4 Qg1+ 44. Kf3 Qf1+ 45. Kg3
Qg1+ 46. Kf3 Qf1+ 1/2-1/2

[Event "Barbera op"]
[Site "?"]
[Date "2011.07.11"]
[Round "8"]
[White "Perpinya Rofes, LM."]
[Black "Bacallao Alonso, Y."]
[Result "1-0"]
[WhiteElo "2395"]
[BlackElo "2532"]
[PlyCount "83"]
[EventDate "2011.??.??"]
[EventType "swiss"]
[Source "Chessbase"]
[SourceDate "2011.07.29"]

1. e4 c5 2. Nf3 d6 3. d4 cxd4 4. Nxd4 Nf6 5. Nc3 a6 6. Be2 e5 7. Nb3 Be7 8. O-O
O-O 9. Kh1 Be6 10. f4 exf4 11. Bxf4 Nc6 12. Qe1 Nd7 13. Rd1 Nde5 14. Nd5 Bg5
15. Bg3 Re8 16. c4 Bxd5 17. exd5 Nb8 18. Qf2 Nbd7 19. c5 Rc8 20. c6 Nf6 21.
cxb7 Ne4 22. Qe1 Rb8 23. Bxe5 Rxe5 24. Nd4 Bh4 25. g3 Bxg3 26. hxg3 Qd7 27. Kg2
Rxb7 28. b3 Rg5 29. Rd3 Re5 30. Re3 Ng5 31. Rxe5 dxe5 32. Nf3 Qh3+ 33. Kg1 Ne4
34. Bxa6 Rb6 35. Bc8 f5 36. Bxf5 Qxf5 37. Nd2 Qh3 38. Nxe4 Rh6 39. Kf2 Qd7 40.
Qb4 Rh5 41. Qb8+ Kf7 42. Kg2+ 1-0

[Event "Barbera op"]
[Site "?"]
[Date "2011.07.11"]
[Round "8"]
[White "Sanchez Ibern, M."]
[Black "Bas Mas, JJ."]
[Result "1/2-1/2"]
[WhiteElo "2327"]
[BlackElo "2194"]
[PlyCount "131"]
[EventDate "2011.??.??"]
[EventType "swiss"]
[Source "Chessbase"]
[SourceDate "2011.07.29"]

1. e4 e6 2. d4 d5 3. Nc3 Nf6 4. Bg5 Bb4 5. e5 h6 6. Bd2 Bxc3 7. bxc3 Ne4 8. Qg4
g6 9. Qf4 c5 10. Bd3 Nxd2 11. Qxd2 Nc6 12. Nf3 c4 13. Be2 Qe7 14. h4 Bd7 15. h5
g5 16. Nh2 f5 17. exf6 Qxf6 18. Ng4 Qf7 19. Qe3 O-O-O 20. Kd2 Rdf8 21. Rae1 Qf4
22. Qxf4 Rxf4 23. g3 Rf5 24. Bd1 Kc7 25. Re3 Kd6 26. Rhe1 b5 27. Bf3 b4 28.
cxb4 Nxd4 29. Bd1 Nc6 30. c3 a6 31. Bc2 Rff8 32. f3 Rb8 33. Nf6 Bc8 34. Ba4 a5
35. Bxc6 Kxc6 36. a3 Kd6 37. Ng4 Rh7 38. Ne5 axb4 39. cxb4 Ra7 40. f4 gxf4 41.
gxf4 Rba8 42. Ra1 d4 43. Nxc4+ Kd5 44. Re5+ Kxc4 45. Rb1 d3 46. Rc1+ Kd4 47.
Rec5 Ba6 48. b5 Bxb5 49. Rxb5 Rxa3 50. Rb4+ Kd5 51. Rcc4 Rg8 52. Rd4+ Kc5 53.
Rdc4+ Kd6 54. Rd4+ Ke7 55. Ra4 Rg2+ 56. Ke3 Rxa4 57. Rxa4 d2 58. Rd4 Kf6 59.
Kf3 Rh2 60. Kg3 Rxh5 61. Rxd2 Rd5 62. Rh2 Kg6 63. Kf3 h5 64. Ke4 Kf6 65. Rh1
Ra5 66. Rh2 1/2-1/2

[Event "Barbera op"]
[Site "?"]
[Date "2011.07.11"]
[Round "8"]
[White "Silva Rodriguez, J."]
[Black "Thompson, ID."]
[Result "0-1"]
[WhiteElo "2133"]
[BlackElo "2274"]
[PlyCount "102"]
[EventDate "2011.??.??"]
[EventType "swiss"]
[Source "Chessbase"]
[SourceDate "2011.07.29"]

1. e4 e6 2. Nf3 d5 3. Nc3 Nf6 4. e5 Nfd7 5. d4 c5 6. dxc5 Nc6 7. Bf4 Bxc5 8.
Bd3 a6 9. Qe2 b5 10. a3 Be7 11. b4 g5 12. Bg3 h5 13. h3 Nxb4 14. O-O Nxd3 15.
cxd3 Qb6 16. Qd2 Rg8 17. h4 gxh4 18. Bxh4 Bxh4 19. Nxh4 Qd4 20. Nf3 Qg4 21. Ne1
Nxe5 22. Qe3 Qg7 23. Nxd5 Bb7 24. Nc7+ Kd7 25. f4 Bxg2 26. fxe5 Kxc7 27. Rf4
Rad8 28. Qa7+ Bb7+ 29. Kf1 Rd7 30. Rc1+ Kd8 31. Qe3 Qg3 32. Qxg3 Rxg3 33. Kf2
Rg5 34. d4 Rg4 35. Rxg4 hxg4 36. Ke3 g3 37. Nd3 g2 38. Nc5 Rc7 39. Rb1 Ke7 40.
Kf2 Bd5 41. Nxa6 Rc4 42. Rd1 Rc2+ 43. Kg1 Bf3 44. Rb1 Rd2 45. Nc7 Rxd4 46. Nxb5
Rd5 47. Kf2 Be4 48. Re1 Rxe5 49. Nc3 Rf5+ 50. Kg1 Bc6 51. a4 Rc5 0-1